Normal view
MARC view
- Rem, Tore
Entry Personal Name
001 - CONTROL NUMBER
- control field: 14757
003 - CONTROL NUMBER IDENTIFIER
- control field: OSt
005 - DATE AND TIME OF LATEST TRANSACTION
- control field: 20260128113611.0
008 - FIXED-LENGTH DATA ELEMENTS
- fixed length control field: 260128|| aca||aabn | a|a d
040 ## - CATALOGING SOURCE
- Original cataloging agency: OSt
- Transcribing agency: OSt
100 ## - HEADING--PERSONAL NAME
- Personal name: Rem, Tore
670 ## - SOURCE DATA FOUND
- Source citation: Work cat.: (OSt)5852: Ibsen, Henrik, 1828-1906, author. 14755, The master builder and other plays /